| 000 | 04582nam a2200301 a 4500 | ||
|---|---|---|---|
| 001 | |||
| 003 | DO-SdBNP | ||
| 005 | 20220314091124.0 | ||
| 008 | 090825s2006 dr 000 0 spa d | ||
| 040 |
_aDO-SdBNP _bspa _cBPMSU |
||
| 082 |
_a346.015 _bC348d 2006 _222 |
||
| 100 | 1 | _aCastellanos Estrella, Víctor José | |
| 245 | 1 | 0 |
_aDerecho de familia en el siglo XXI : _bfecundación humana asistida y filiación adoptiva / _cVictor José Castellanos Estrella, Francisco Pérez Lora, Zalided Alma de Ruiz. |
| 260 |
_aSanto Domingo : _bCorripio, _c2006. |
||
| 300 |
_a121 p. ; _c22 cm. |
||
| 500 | _aBibliografía : p. 117-121 | ||
| 505 | 0 |
_tIntroducción -- _tAspectos jurídicos planteados por las técnicas de fecundación humana asistida / _rMagistrado Víctor José Castellanos Estrella -- _tIntroducción ; _t¿Cuándo comienza la vida en el ser humano? ; _t¿Qué decir de la personalidad del concebido? Diversas técnicas en la reproducción humana asistida ; _tInseminación artificial ; _tInseminación artificial con semen del marido (IAC) ; _tInseminación artificial homóloga post-morten ; _tAnálisis de la filiación que genera la fecundación artificial homóloga ; _tInseminación artificial con esperma de donante (IAD) ; _tNaturaleza jurídica de la donación de esperma ; _tContrato entre el médico inseminador y la pareja receptora ; _tInterrogantes sobre la filiación ; _tQue decir de la inseminación de la mujer soltera ; _tFecundación "in vitro" ; _tFecundación in vitro por transferencia de embriones (FIVITE) ; _tFecundación in vitro por transferencia intratubárica de gemelos (GIFT) ; _tConsideraciones generales de la fecundación in vitro ; _tLa maternidad subrogada ; _tInseminación artificial post mortem ; _tAdmisibilidad ; _tLa constitucionalidad de la fecundación artificial post mortem ; _tLa filiación del nacido por reproducción asistida post mMortem ; _tFiliación matrimonial ; _tFiliación no matrimonial ; _tDerechos sucesorios sobre el material genético depositado ; _tLegado de semen congelado ; _tLos derechos sucesorios del nacido ; _tFiliación adoptiva / _rMagistrado Francisco Pérez Lora -- _tIntroducción ; _tAspectos históricos ; _tEn el antiguo derecho ; _tEn el siglo XX y XXI ; _tAspectos generales ; _tEtimología ; _tConcepto ; _tCaracterísticas ; _tLa adopción es una medida de protección ; _tEl derecho a tener una familia es un derecho fundamental ; _tLa adopción en los instrumentos internacionales ; _tEn el código de Bustamante ; _tEn la Convención de las Naciones Unidas sobre los derechos del niño ; _tEn la Convención de la Paz, sobre adopción. |
|
| 505 | 0 |
_tEn la Convención de la Haya, sobre adopción ; _tCondiciones y requisitos ; _tRequisitos de los adoptante ; _tRequisitos de los adoptados ; _tOtros requisitos exigidos ; _tConsentimiento de los padres biológicos ; _tLa adopción del viudo y la viuda de los padres divorciados o separados ; _tLa certificación de idoneidad ; _tProcedimientos ; _tFase administrativa de protección ; _tFase administrativa jurisdiccional ; _tPartes en el proceso de adopción _tPasos ante el tribunal de NNA ; _tImpugnación de la adopción ; _tRecursos en contra de la decisión de la adopción ; _tLa adopción internacional ; _tEfectos de la adopción ; _tExtinción de la adopción ; _tPeligros de la adopción ; _tConclusiones propositivas ; _tBibliografía ; _tAspectos psicológicos de la procreación artificialmente asistida y la adopción / _rLicda. Zalided Alma de Ruiz -- _tIntroducción ; _tHistoria del desarrollo de la técnicas sobre procreación artificialmente asistida ; _tLa teoría del apego ; _tLos derechos del niño ; _tConsideraciones sobre los datos empíricos ; _tMétodos de procreación artificialmente asistida ; _tLa inseminación artificial homóloga (IAC) ; _tLa inseminación artificial heteróloga (IAC) ; _tEn parejas estables heterosexuales ; _tEn parejas lesbianas ; _tEn mujeres solas ; _tLa fecundación in vitro (FIV) ; _tLa maternidad subrogada o de alquiler ; _tLa adopción ; _tLa adopción simple ; _tAdopción de niñ@s mayores ; _tAdopción abierta ; _tConclusión ; _tReferencias. |
|
| 590 | _aInventariado,2018/DG | ||
| 650 | 4 |
_aDerecho de familia _zRepública Dominicana |
|
| 650 | 4 |
_aDerecho civil _zRepública Dominicana |
|
| 650 | 4 |
_aInseminación artificial humana _xLegislación _zRepública Dominicana |
|
| 650 | 4 |
_aAdopción _zRepública Dominicana |
|
| 700 | 1 | 2 |
_aPérez Lora, Francisco _tFiliación adoptica |
| 700 | 1 | 2 |
_aAlma de Ruiz, Zalided _tAspectos psicológicos de la procreación artificialmente asistida y la adopción |
| 910 | _a VMateo V | ||
| 942 |
_2ddc _cBK |
||
| 999 |
_c14069 _d14069 |
||